Инвестиции: учебное пособие для вузов

Detalles Bibliográficos
Autor principal: Некрасова И. В. Инна Владимировна
Otros Autores: Алешин В. А. Валерий Алексеевич, Зотова А. И. Алла Ивановна
Sumario:В учебном пособии в соответствии с государственным образовательным стандартом высшего профессионального образования изложены основные понятия, экономическая сущность и виды инвестиций, показана роль капитальных вложений и портфельных инвестиций в инвестиционном процессе, представлены современные подходы к комплексному анализу экономической оценки инвестиций с изложением современных методов оценки эффективности реальных инвестиций и формирования инвестиционного портфеля, особое внимание уделено оценке эффективности инвестиций в условиях риска и неопределенности. Учебное пособие предназначено для студентов, аспирантов, преподавателей экономических дисциплин высших учебных заведений, а также специалистов-практиков, занимающихся вопросами инвестиционной деятельности.
Lenguaje:ruso
Publicado: Ростов-на-Дону, Феникс, 2009
Colección:Высшее образование
Materias:
Formato: MixedMaterials Libro
KOHA link:https://koha.lib.tpu.ru/cgi-bin/koha/opac-detail.pl?biblionumber=174764

MARC

LEADER 00000nam0a2200000 4500
001 174764
005 20231101223200.0
010 |a 9785222158067 
035 |a (RuTPU)RU\TPU\book\189512 
090 |a 174764 
100 |a 20100204d2009 m y0rusy50 ca 
101 0 |a rus 
102 |a RU 
105 |a a j 001zy 
200 1 |a Инвестиции  |e учебное пособие для вузов  |f И. В. Некрасова, В. А. Алешин, А. И. Зотова 
210 |a Ростов-на-Дону  |c Феникс  |d 2009 
215 |a 310 с.  |c ил. 
225 1 |a Высшее образование 
320 |a Библиогр.: с. 305-308. 
330 |a В учебном пособии в соответствии с государственным образовательным стандартом высшего профессионального образования изложены основные понятия, экономическая сущность и виды инвестиций, показана роль капитальных вложений и портфельных инвестиций в инвестиционном процессе, представлены современные подходы к комплексному анализу экономической оценки инвестиций с изложением современных методов оценки эффективности реальных инвестиций и формирования инвестиционного портфеля, особое внимание уделено оценке эффективности инвестиций в условиях риска и неопределенности. Учебное пособие предназначено для студентов, аспирантов, преподавателей экономических дисциплин высших учебных заведений, а также специалистов-практиков, занимающихся вопросами инвестиционной деятельности. 
606 1 |a Инвестиции  |2 stltpush  |3 (RuTPU)RU\TPU\subj\36163  |9 57637 
610 1 |a классификация 
610 1 |a инвестиционная деятельность 
610 1 |a финансирование 
610 1 |a реальные инвестиции 
610 1 |a капитальные вложения 
610 1 |a государственное регулирование 
610 1 |a инвестиционные проекты 
610 1 |a иностранные инвестиции 
610 1 |a финансовые инвестиции 
610 1 |a портфельные инвестиции 
610 1 |a финансовые активы 
610 1 |a управление 
610 1 |a оценка 
610 1 |a финансовые инструменты 
610 1 |a форварды 
610 1 |a опционы 
610 1 |a свопы 
610 1 |a акции 
610 1 |a облигации 
610 1 |a векселя 
610 1 |a финансовый анализ 
610 1 |a учебные пособия 
686 |a У9(2)0-56я73  |v LBC/SL-A  |2 rubbk 
700 1 |a Некрасова  |b И. В.  |g Инна Владимировна 
701 1 |a Алешин  |b В. А.  |g Валерий Алексеевич 
701 1 |a Зотова  |b А. И.  |g Алла Ивановна 
801 1 |a RU  |b 63413507  |c 20100204 
801 2 |a RU  |b 63413507  |c 20150514  |g RCR 
942 |c BK 
959 |a 1/20100204  |d 2  |e 163,20  |f ЧЗГЛ:1  |f АНЛ:1